| 000 | 00885nam a2200253Ia 4500 | ||
|---|---|---|---|
| 003 | OSt | ||
| 005 | 20220923211229.0 | ||
| 006 | a|||||r|||| 00| 0 | ||
| 007 | ta | ||
| 008 | Pun | ||
| 020 |
_a9788171166049 (hbk) _c350 |
||
| 024 | _a281,282 | ||
| 037 |
_b861, 12/08/2014, H.K. Prakashan _cTextual |
||
| 040 |
_aARTS _cARTS _bPun |
||
| 041 |
_2Pun _aPun |
||
| 082 | _aO153,2N371:g, Q4 | ||
| 100 | _aਕਿਰਨਦੀਪ ਕੌਰ | ||
| 245 | 0 |
_aਰਵਿੰਦਰ ਰਵੀ ਦਾ ਸਾਹਿਤ ਸੰਸਾਰ _b ਸੰਵੇਦਨਾ ਅਤੇ ਸੁਹਜ ਸੰਚਾਰ |
|
| 260 |
_aਦਿੱਲੀ _b ਨੈFਨਲ ਬੁਕ Fਾਪ _c2014 |
||
| 300 |
_a224ਪੰ _ccm. |
||
| 650 | _aਪੰਜਾਬੀ ਸਾਹਿਤ | ||
| 942 |
_hO153,2N371:g, Q4 _cTEXL _2CC |
||
| 999 |
_c297340 _d297340 |
||